| 000 | 00519nam a2200193 a 4500 | ||
|---|---|---|---|
| 005 | 20221015063727.0 | ||
| 008 | 991125s1936 mx 000 0 spa u | ||
| 035 | _aUPN01000053316 | ||
| 049 | _aCG | ||
| 050 | 4 |
_aBF311 _bA3.7 |
|
| 100 | 1 |
_aAdler, Alfred, _d1870-1937 |
|
| 245 | 1 | 3 |
_aEl sentido de la vida / _cAlfred Adler. |
| 260 |
_aSantiago de Chile : _bCultura, _c1936. |
||
| 300 | _a234 p. | ||
| 440 | 0 | _aHombres e ideas | |
| 650 | 7 |
_aConciencia (PsicologĂa) _2 _910995 |
|
| 650 | 4 | _aPERCEPCION | |
| 905 | _aLibro | ||
| 999 |
_c53316 _d53316 |
||